000 00589nam a2200241Ia 4500
003 OSt
005 20221005133042.0
006 a|||||r|||| 00| 0
007 ta
008 221004b |||||||| |||| 00| 0 mal d
024 _a54520
037 _cTextual
040 _aCRL
_cCRL
_bmal
041 _2mal
_amal
082 _aO32:g, N01
100 _aVijayan K.
_9625912
245 0 _aVichaarabhaarati
260 _c1990
300 _a110p.
_ccm.
650 _aMALAYALAM LITERATURE
_938866
942 _hO32:g, N01
_cTEXL
_2cc
999 _c1065591
_d1065591